تنمية المهارات الإشرافية والقيادية / (رقم التسجيلة. 22762)

تفاصيل مارك
000 -الفاتح
حقل البيانات ثابتة الطول 00828nam a22002051a 4500
003 - محدد رقم الضبط
رقم الضبط OSt
005 - وقت وتاريخ اخر تعامل مع التسجيلة
رقم الضبط 20150408114030.0
008 - عناصر البيانات ثابتة الطول - معلومات عامة
حقل البيانات ثابتة الطول 120508s2009 jo a g b 00| 0 ara d
020 ## - الرقم الدولى المعيارى للكتب
الرقم الدولى المعيارى للكتاب 9789957122911
040 ## - مصدر الفهرسة
وكالة الفهرسة الأصلية عمادة شؤون المكتبات في جامعة المجمعة
082 04 - رقم تصنيف ديوى العشرى
رقم الطبعة 21
رقم التصنيف 658.302
رقم المادة 658.302 ت ا ب
100 1# - المدخل الرئيسى - إسم شخصى
الإسم الشخصى العلاق، بشير
9 (RLIN) 3109
245 10 - بيان العنوان
العنوان تنمية المهارات الإشرافية والقيادية /
بيان المسئوليه,etc بشير العلاق.
260 ## - PUBLICATION, DISTRIBUTION, ETC. (IMPRINT)
مكان الناشر او الموزع عمان، الأردن :
اسم الناشر او الموزع دار اليازوري العلمية للنشر والتوزيع،
تاريخ النشر أو التوزيع 2009
300 ## - الوصف المادى
التعداد 263 ص. :
تفاصيل ماديه اخرى للوعاء جداول ؛
أبعاد الوعاء 24 سم.
504 ## - تبصرة ببليوجرافية
تبصرة ببليوجرافية,الخ ببليوجرافية : ص. 263.
650 ## - المدخل الاضافى بالموضوع-مصطلح موضوعى
مصدر الرأس أو المصطلح aucsh
مصطلح موضوعي أو اسم جغرافي كعنصر مدخل الإشراف الإداري
9 (RLIN) 12716
650 ## - المدخل الاضافى بالموضوع-مصطلح موضوعى
مصدر الرأس أو المصطلح aucsh
مصطلح موضوعي أو اسم جغرافي كعنصر مدخل القيادة الإدارية
942 ## - عناصر المدخل الإضافي( كوها)
مصدر التصنيف او مخطط الترفيف Dewey Decimal Classification
Koha [default] item type كتاب
المقتنيات
حالة الفقد نموذج السعر الفعال حالة تلف ليس للاعارة رقم الطلب رقم النسخة تاريخ الاكتساب الموقع الحالي الباركود موقع الترفيف الفرع الرئيسي Date last seen نوع المادة فى نظام كوها مصدر التصنيف او خطة الترفيف Total Checkouts
  2013-03-10   Not For Loan 658.302 658.302 ت ا ب 1 2012-05-15 المكتبة المركزية بالمجمعة (CL) 202559 stacks td المكتبة المركزية بالمجمعة (CL) 2013-03-10 كتاب Dewey Decimal Classification  
  2013-03-10     658.302 658.302 ت ا ب 2 2012-05-15 المكتبة المركزية بالمجمعة (CL) 202560 stacks td المكتبة المركزية بالمجمعة (CL) 2013-03-10 كتاب Dewey Decimal Classification  
  2013-03-10     658.302 658.302 ت ا ب 3 2012-05-15 المكتبة المركزية بالمجمعة (CL) 202561 stacks td المكتبة المركزية بالمجمعة (CL) 2013-03-10 كتاب Dewey Decimal Classification  
  2013-03-10   Not For Loan 658.302 658.302 ت ا ب 1 2012-05-13 مكتبة كلية العلوم و الدراسات الإنسانية برماح - طالبات (SRF) 201311 stack td مكتبة كلية العلوم و الدراسات الإنسانية برماح - طالبات (SRF) 2013-03-10 كتاب Dewey Decimal Classification  
  2013-03-10     658.302 658.302 ت ا ب 2 2012-05-13 مكتبة كلية العلوم و الدراسات الإنسانية برماح - طالبات (SRF) 201312 stack td مكتبة كلية العلوم و الدراسات الإنسانية برماح - طالبات (SRF) 2013-03-10 كتاب Dewey Decimal Classification  
  2013-03-10   Not For Loan 658.302 658.302 ت ا ب 1 2012-05-13 مكتبة كلية العلوم و الدراسات الإنسانية برماح - طلاب (SRM) 200345   مكتبة كلية العلوم و الدراسات الإنسانية برماح - طلاب (SRM) 2013-03-10 كتاب Dewey Decimal Classification  
  2013-03-10     658.302 658.302 ت ا ب 2 2012-05-13 مكتبة كلية العلوم و الدراسات الإنسانية برماح - طلاب (SRM) 200344 stacks td مكتبة كلية العلوم و الدراسات الإنسانية برماح - طلاب (SRM) 2013-03-10 كتاب Dewey Decimal Classification